00343nam a22000977a 4500082001200000100001600012245012600028260004100154650002200195700002800217 aTHE 200 aAMEER AHMED aTH-SOF-0786-The Impact of Career Self Management on Employees Organizational Commitment in the Banking Sector of Pakistan aNUST COLLEGE OF EMEbISLAMABADc2001 a MS-EM-5 MSTHESIS a Dr. Akhtar Nawaz Malik